000
00250nam a2200097Ia 4500
008
230915s9999 xx 000 0 und d
050
_a
QD 79 .I5 S556 1995
100
_a
DOUGLAS A. SKOOG
245
0
_a
PRINCIPLES OF INSTRUMENTAL ANALYSIS
942
_c
BK
999
_c
190288
_d
190288